banner-ar

التمكين : (Record no. 61025)

MARC details
000 -الفاتح
حقل البيانات ثابتة الطول 01053nam a2200253 4500
005 - وقت وتاريخ اخر تعامل مع التسجيلة
رقم الضبط 20240530110440.0
008 - عناصر البيانات ثابتة الطول - معلومات عامة
حقل البيانات ثابتة الطول 150419s2010 ua g b 000 0dara d
017 ## - رقم الايداع القانونى
رقم الايداع القانونى 2010/14096
المصدر ( الهيئة المختصة) مصر . دار الكتب المصرية
020 ## - الرقم الدولى المعيارى للكتب
الرقم الدولى المعيارى للكتاب 9789777041607
040 ## - مصدر الفهرسة
وكالة الفهرسة الأصلية EG-CaGPL
082 04 - رقم تصنيف ديوى العشرى
رقم الطبعة 21
رقم التصنيف 338.9\
رقم المادة ف ت
100 1# - المدخل الرئيسى - إسم شخصى
الإسم الشخصى فريدمان ، جون
الشكل الأكمل للاسم جون فريدمان
245 12 - بيان العنوان
العنوان التمكين :
بقية العنوان سياسة التنمية البديلة /
بيان المسئوليه,etc تاليف جون فريدمان ؛ ترجمة وتقديم ربيع وهبة
250 ## - بيان الطبعة
بيان الطبعة ط1
260 ## - PUBLICATION, DISTRIBUTION, ETC. (IMPRINT)
تاريخ النشر أو التوزيع 2010 .
300 ## - الوصف المادى
التعداد 291 ص ؛
أبعاد الوعاء 24 سم
490 0# - بيان السلسلة
عنوان السلسلة المشروع القومى للترجمة ؛
رقم المجلد/ التعيين التسلسلي 1648
504 ## - تبصرة ببليوجرافية
تبصرة ببليوجرافية,الخ ببليوجرافية : ص 273 - 288
650 04 - المدخل الاضافى بالموضوع-مصطلح موضوعى
مصطلح موضوعي التنمية الاقتصادية
650 04 - المدخل الاضافى بالموضوع-مصطلح موضوعى
مصطلح موضوعي التنمية الاقتصادية
التقسيم الفرعي العام الجوانب الاجتماعية
650 04 - المدخل الاضافى بالموضوع-مصطلح موضوعى
مصطلح موضوعي الاحوال الاقتصادية
700 0# - المدخل الاضافى - اسم شخصى
الإسم الشخصى ربيع وهبة
الدور مترجم ومقدم
942 ## - عناصر المدخل الإضافي( كوها)
مصدر التصنيف او مخطط الترفيف Dewey Decimal Classification
Koha [default] item type كتاب
260 ## - PUBLICATION, DISTRIBUTION, ETC. (IMPRINT)
-- القاهرة :
-- المركز القومى للترجمة ،
Holdings
حالة التراجع حالة الفقد حالة تلف ليس للاعارة المكان المؤقت الموقع الحالى تاريخ الاكتساب اجمالي اﻻعارات رقم الطلب الباركود تاريخ اخر مشاهدة تاريخ تفعيل السعر نوع وعاء كوها
        مكتبة القاهرة الكبرى مكتبة القاهرة الكبرى 04/19/2015   338.9\ ف ت 160230 04/19/2015 04/19/2015 كتاب

Powered By

EGPV